[Event "Nikolaev zt"]
[Site "Nikolaev"]
[Date "1995.??.??"]
[Round "4"]
[White "Bologan, Viktor"]
[Black "Fedorov, Alexei"]
[Result "1/2-1/2"]
[WhiteElo "2540"]
[BlackElo "2495"]

1.e4 c5 2.Nf3 d6 3.d4 cxd4 4.Nxd4 Nf6 5.Nc3 g6 6.Be3 Bg7 7.f3 O-O 8.Bc4 Nc6
9.Bb3 Bd7 10.h4 h5 11.Qe2 Rc8 12.O-O-O Na5 13.Kb1 Nxb3 14.axb3 Qa5 15.Qd2 Rfd8
16.Bg5 Rc5 17.Rhe1 Qa6 18.Qe2 b5 19.Bxf6 Bxf6 20.g4 e5 21.Nf5 gxf5 22.gxf5 Rxc3
23.bxc3 Kf8 24.Rd5 Rc8 25.Red1 Rc6 26.Qd3 Bxh4 27.Kb2 b4 28.cxb4 Qxd3 29.R5xd3 Bf2
30.Rxd6 Rxd6 31.Rxd6 Be8 32.c4 h4 33.c5 Be3 34.c6 h3 35.c7 h2 36.Rd1 Bd4+
37.Rxd4 exd4 38.c8=Q h1=Q 39.Qc5+ Kg8 40.Qxd4 Qxf3 41.Qg1+ Kh7 42.Qh2+ Kg8
43.Qg1+ Kf8 44.Qc5+ Kg8  1/2-1/2

[Event "Nikolaev zt"]
[Site "Nikolaev"]
[Date "1995.??.??"]
[Round "6"]
[White "Bologan, Viktor"]
[Black "Brodsky, Michail"]
[Result "1-0"]
[WhiteElo "2540"]
[BlackElo "2535"]

1.e4 c5 2.Nf3 Nc6 3.d3 g6 4.g3 Bg7 5.Bg2 d6 6.O-O e5 7.Nc3 Nge7 8.Nd2 O-O
9.Nc4 Be6 10.a4 Qd7 11.Bd2 f5 12.Nd5 Kh8 13.c3 Bg8 14.f4 Rae8 15.a5 Nxd5
16.exd5 Ne7 17.Qa4 Qxa4 18.Rxa4 Rd8 19.fxe5 dxe5 20.Be3 Bxd5 21.Bxc5 Bxg2
22.Kxg2 Bf6 23.Nxe5 Rd5 24.Bxe7 Bxe7 25.d4 Bd6 26.Nf3 Rb5 27.b4 Rc8 28.Ra3 b6
29.a6 f4 30.g4 h5 31.h3 hxg4 32.hxg4 Kg7 33.Re1 Kf7 34.Nd2 Rh8 35.Ne4 Be7
36.Raa1 Rh4 37.Rh1 Rd5 38.Rxh4 Bxh4 39.Rh1 g5 40.Rd1 b5 41.Ra1  1-0

[Event "Nikolaev zt"]
[Site "Nikolaev"]
[Date "1995.??.??"]
[Round "10"]
[White "Bologan, Viktor"]
[Black "Novikov, Igor A"]
[Result "1/2-1/2"]
[WhiteElo "2540"]
[BlackElo "2590"]

1.e4 c5 2.Nf3 d6 3.d4 cxd4 4.Nxd4 Nf6 5.Nc3 a6 6.Be3 e6 7.g4 h6 8.f4 Nc6
9.h3 Qc7 10.Qe2 e5 11.Nb3 exf4 12.Bxf4 Be6 13.Nd5 Bxd5 14.exd5+ Ne5 15.O-O-O Nd7
16.Kb1 g6 17.Qd2 Bg7 18.Bd3 h5 19.gxh5 Nxd3 20.h6 Bxb2 21.cxd3 Be5 22.d4 Bxf4
23.Qxf4 O-O 24.h4 a5 25.Rh2 Qd8 26.Rf2 a4 27.Nd2 Ra5 28.h5 Rxd5 29.hxg6 fxg6
30.Qe4 Rdf5 31.Rg1 Kh7 32.Nf3 d5 33.Qg4 Qf6 34.Rg3 Nb6 35.Qxg6+ Qxg6 36.Rxg6 Kxg6
37.Nh4+ Kxh6 38.Nxf5+ Kg5 39.Rg2+ Kf6 40.Nd6 Rb8 41.Rb2 Nc4 42.Rxb7  1/2-1/2

[Event "Novgorod op"]
[Site "Novgorod"]
[Date "1995.??.??"]
[Round "9"]
[White "Bologan, Viktor"]
[Black "Vyzmanavin, Alexey"]
[Result "1/2-1/2"]
[WhiteElo "2540"]
[BlackElo "2605"]

1.e4 c6 2.d4 d5 3.Nc3 dxe4 4.Nxe4 Nd7 5.Nf3 Ngf6 6.Nxf6+ Nxf6 7.Bc4 Bf5 8.O-O e6
9.Qe2 Bg4 10.c3 Be7 11.h3 Bxf3 12.Qxf3 O-O 13.Bg5  1/2-1/2

[Event "Riga op"]
[Site "Riga"]
[Date "1995.??.??"]
[Round "?"]
[White "Labuckas, Aidas"]
[Black "Bologan, Viktor"]
[Result "1-0"]
[WhiteElo "2320"]
[BlackElo "2540"]

1.Nf3 d6 2.c4 g6 3.d4 Bg7 4.Nc3 Nf6 5.Bg5 Nbd7 6.e3 h6 7.Bh4 g5 8.Bg3 Nh5
9.Qc2 e6 10.Be2 Qe7 11.Nd2 Nxg3 12.hxg3 c6 13.O-O-O a6 14.Nb3 b6 15.Bf3 Bb7
16.Kb1 O-O-O 17.a4 Kb8 18.a5 f5 19.axb6 g4 20.Be2 c5 21.Na5 Nxb6 22.f3 Ba8
23.Qb3 Kc7 24.Qa3 gxf3 25.gxf3 Nd7 26.Nb3 Bb7 27.Na4 cxd4 28.exd4 Kb8 29.Na5 Rc8
30.Qb4 Rc7 31.Qxb7+ Rxb7 32.Nc6+ Kc7 33.Nxe7 Rb4 34.Nc3 Rhb8 35.Ned5+ exd5
36.Nxd5+ Kd8 37.Nxb4 Rxb4 38.Kc2 a5 39.Rh5 Nb6 40.Rxf5 Nxc4 41.Bxc4 Rxc4+
42.Kb3 Rb4+ 43.Kc3  1-0

[Event "Riga op"]
[Site "Riga"]
[Date "1995.??.??"]
[Round "?"]
[White "Zapolskis, Antanas"]
[Black "Bologan, Viktor"]
[Result "1/2-1/2"]
[WhiteElo "2360"]
[BlackElo "2540"]

1.e4 c5 2.Nf3 e6 3.d4 cxd4 4.Nxd4 a6 5.Nc3 b5 6.Bd3 d6 7.O-O Nf6 8.f4 Bb7
9.a3 Nbd7 10.Kh1 Be7 11.Qf3 Rc8 12.Be3 Rxc3 13.bxc3 Nc5 14.Nb3 Ncxe4 15.Bd4 Nc5
16.Qe2 Nxd3 17.cxd3 h5 18.h3 h4 19.Kh2 Nh5 20.Qg4 Rh6 21.f5 e5 22.Be3 Nf6
23.Qe2 Rh5 24.a4 Bd5 25.Nd2 Qc8 26.axb5 axb5 27.c4 bxc4 28.Nxc4 Rxf5 29.Nb6 Rxf1
30.Qxf1 Qb7 31.Qf2 Nd7 32.Ra8+ Qxa8 33.Nxa8 Bxa8 34.Qa2 Bb7 35.Qb3 Bc6 36.Qc4 Nc5
37.d4 exd4 38.Bxd4 g5 39.Qc2 Bd5 40.Qh7 Kd7 41.Bf6 Bxf6 42.Qf5+ Ke7 43.Qxd5 Be5+
44.Kg1 Ne6 45.Kf1 Nf4 46.Qa8 Kf6 47.Qg8 Ng6 48.Ke2 Nf4+ 49.Kf3 Ng6 50.Qe8 Ne7
51.Qd7 Nf5 52.Qc8 Nh6 53.Ke4 Kg7 54.Qb7 Ng8 55.Kf5 Nh6+ 56.Ke4 Kg6 57.Qe7 Nf5
58.Qe8 Ng7 59.Qg8 Kf6 60.Qd8+ Kg6 61.Kd5 Bf4 62.Ke4  1/2-1/2

[Event "Riga op"]
[Site "Riga"]
[Date "1995.??.??"]
[Round "?"]
[White "Bologan, Viktor"]
[Black "Maidla, Vallo"]
[Result "1-0"]
[WhiteElo "2540"]
[BlackElo "2350"]

1.e4 c5 2.Nf3 Nc6 3.d4 cxd4 4.Nxd4 e5 5.Nb5 d6 6.N1c3 a6 7.Na3 Be7 8.Nc4 b5
9.Ne3 Nf6 10.g3 O-O 11.Bg2 Be6 12.O-O Rc8 13.Ncd5 Nd7 14.c3 Bg5 15.f4 exf4
16.gxf4 Bh6 17.a4 Re8 18.axb5 axb5 19.Ng4 Bxg4 20.Qxg4 Nc5 21.Be3 Kh8 22.b4 Nd7
23.Bh3 Re6 24.Qf3 Rg6+ 25.Kh1 Ne7 26.Bxd7 Qxd7 27.Ra7  1-0

[Event "Riga op"]
[Site "Riga"]
[Date "1995.??.??"]
[Round "?"]
[White "Bologan, Viktor"]
[Black "Von Gleich, Alexander"]
[Result "1-0"]
[WhiteElo "2540"]
[BlackElo "2315"]

1.e4 d5 2.exd5 Qxd5 3.Nc3 Qa5 4.d4 c6 5.Nf3 Nf6 6.Bc4 Bf5 7.Bd2 e6 8.Ne4 Qc7
9.Nxf6+ gxf6 10.c3 Nd7 11.Qe2 O-O-O 12.Nh4 Bg6 13.g3 e5 14.f4 exf4 15.Bxf4 Bd6
16.O-O Rhe8 17.Qg4 Re4 18.Nxg6 fxg6 19.Bxd6 Rxg4 20.Bxc7 Kxc7 21.Rae1 f5
22.Re7 h5 23.Be2 Kd6 24.Rg7 Rg5 25.Rf4 Nf6 26.Rxb7 Re8 27.Bf3 Re1+ 28.Kg2 Rc1
29.Kh3 Rg4 30.Bxg4 hxg4+ 31.Kg2 Nd5 32.h4 Nxf4+ 33.gxf4 Kd5 34.Re7 Rc2+ 35.Kg3 Rxb2
36.Re5+ Kd6 37.h5 gxh5 38.Rxf5 Rc2 39.Rc5 Rc1 40.Rxh5 Rxc3+ 41.Kxg4 Ra3 42.Rh2 Ra4
43.Rd2 Ke6 44.Kg5 Ra3 45.f5+ Kf7 46.Rc2 Rg3+ 47.Kf4 Ra3 48.Ke4 Ra6 49.Rh2 Kg7
50.Ke5 Ra3 51.Rc2 Re3+ 52.Kd6 Rd3 53.Rc4 Kf6 54.Kxc6 Kxf5 55.d5 Ra3 56.d6  1-0

[Event "St Petersburg op"]
[Site "St Petersburg"]
[Date "1995.??.??"]
[Round "1"]
[White "Bologan, Viktor"]
[Black "Shushpanov, Vladimir"]
[Result "1-0"]
[WhiteElo "2540"]
[BlackElo "2375"]

1.e4 c5 2.Nf3 e6 3.d4 cxd4 4.Nxd4 Nf6 5.Nc3 Nc6 6.Ndb5 d6 7.Bf4 e5 8.Bg5 a6
9.Na3 Be6 10.Nc4 Rc8 11.Bxf6 gxf6 12.Ne3 Bh6 13.Bd3 Bxe3 14.fxe3 h5 15.O-O Rh6
16.Qd2 Qb6 17.a3 Ne7 18.Kh1 Kd7 19.Na4 Qc6 20.b3 b5 21.Nb2 Qc3 22.Qxc3 Rxc3
23.a4 b4 24.a5 Kc7 25.Bxa6 Rxc2 26.Nd3 Nc6 27.Bb5 Bxb3 28.Bxc6 Rxc6 29.Nxb4 Rc3
30.Ra3 Kd7 31.a6 Rh8 32.Nd5 Bxd5 33.Rxc3 Bxe4 34.Rxf6 Rb8 35.h4 Rb1+ 36.Kh2 Ra1
37.Rxf7+ Ke6 38.Rg7 Rxa6 39.Rc8 Bf5 40.Rh8 Ra3 41.Rh6+ Kd5 42.Rxh5  1-0

[Event "St Petersburg op"]
[Site "St Petersburg"]
[Date "1995.??.??"]
[Round "3"]
[White "Bologan, Viktor"]
[Black "Zaharov, Aleksandr E"]
[Result "1-0"]
[WhiteElo "2540"]
[BlackElo "2305"]

1.e4 e6 2.d3 d5 3.Nd2 Nf6 4.Ngf3 b6 5.c3 Be7 6.Qa4+ c6 7.e5 Nfd7 8.d4 a5
9.h4 Qc7 10.a3 Ba6 11.c4 f6 12.exf6 Bxf6 13.Ng5 Bxd4 14.Ndf3 Nc5 15.Qc2 Bf6
16.Nxh7 Nbd7 17.Nxf6+ Nxf6 18.b4 Nce4 19.Bb2 Ng4 20.cxd5 Nexf2 21.Bxa6 Nxh1
22.Qg6+ Qf7 23.Qxg4 exd5 24.Bd3 Kf8 25.Kf1 Rh6 26.Kg1 Re6 27.Rf1  1-0

[Event "St Petersburg op"]
[Site "St Petersburg"]
[Date "1995.??.??"]
[Round "5"]
[White "Bologan, Viktor"]
[Black "Lukin, Andrei M"]
[Result "1-0"]
[WhiteElo "2540"]
[BlackElo "2420"]

1.e4 c5 2.Nf3 d6 3.d4 cxd4 4.Nxd4 Nf6 5.Nc3 a6 6.Be3 e6 7.g4 b5 8.g5 Nfd7
9.a3 Nb6 10.f4 N8d7 11.Bg2 Nc4 12.Bc1 Qc7 13.O-O Bb7 14.f5 e5 15.Ne6 fxe6
16.Qh5+ Kd8 17.fxe6 Nc5 18.Nd5 Bxd5 19.exd5 g6 20.Qe2 Be7 21.b3 Nb6 22.Be3 Kc8
23.Rf7 Kb7 24.Qf2 Ka7 25.a4 b4 26.c3 a5 27.cxb4 axb4 28.Rc1 Kb8 29.Qe1 Ra7
30.Qxb4 Rb7 31.Qa3 Qd8 32.a5 Bxg5 33.Bxg5 Qxg5 34.axb6  1-0

[Event "St Petersburg op"]
[Site "St Petersburg"]
[Date "1995.??.??"]
[Round "7"]
[White "Bologan, Viktor"]
[Black "Sakaev, Konstantin"]
[Result "1/2-1/2"]
[WhiteElo "2540"]
[BlackElo "2535"]

1.e4 c5 2.Nf3 d6 3.d4 cxd4 4.Nxd4 Nf6 5.Nc3 a6 6.Be3 e5 7.Nb3 Be6 8.f3 h5
9.Qd2 Nbd7 10.a4 Be7 11.a5 O-O 12.Be2 Rc8 13.O-O Nc5 14.Nxc5 dxc5 15.Qe1 c4
16.Kh1 Nd7 17.Na4 Bd6  1/2-1/2

[Event "St Petersburg op"]
[Site "St Petersburg"]
[Date "1995.??.??"]
[Round "9"]
[White "Bologan, Viktor"]
[Black "Novikov, Igor A"]
[Result "1/2-1/2"]
[WhiteElo "2540"]
[BlackElo "2590"]

1.e4 c5 2.Nf3 d6 3.d4 cxd4 4.Nxd4 Nf6 5.Nc3 a6 6.Be3 e6 7.Be2 Be7 8.f4 Qc7
9.g4 d5 10.e5 Ne4 11.Nxe4 dxe4 12.h4 Nd7 13.c4 b6 14.Qc2 Bb7 15.O-O-O Nc5
16.Kb1 O-O-O 17.g5 Nd3 18.Rhf1 Bc5 19.Bxd3 Bxd4 20.Bxd4 Rxd4  1/2-1/2

[Event "Vladivostok Zaitsev"]
[Site "Vladivostok"]
[Date "1995.??.??"]
[Round "1"]
[White "Ivanov, Mikhail M"]
[Black "Bologan, Viktor"]
[Result "1/2-1/2"]
[WhiteElo "2445"]
[BlackElo "2530"]

1.Nf3 Nf6 2.d4 d5 3.c4 c6 4.Qc2 g6 5.cxd5 cxd5 6.Nc3 Bg7 7.Bf4 O-O 8.e3 Nc6
9.Be2 Bf5 10.Qb3 Na5 11.Qb4 Ne4  1/2-1/2

[Event "Vladivostok Zaitsev"]
[Site "Vladivostok"]
[Date "1995.??.??"]
[Round "2"]
[White "Bologan, Viktor"]
[Black "Fedorov, Vladislav"]
[Result "1-0"]
[WhiteElo "2530"]
[BlackElo "2540"]

1.d4 Nf6 2.c4 g6 3.Nc3 Bg7 4.e4 O-O 5.Nf3 d6 6.Be2 e5 7.Be3 Ng4 8.Bg5 f6
9.Bh4 g5 10.Bg3 Nh6 11.dxe5 dxe5 12.Qxd8 Rxd8 13.Nd5 Rd7 14.h4 g4 15.Nh2 c6
16.Ne3 Rd4 17.Nhxg4 Rxe4 18.Nxh6+ Bxh6 19.Bd3 Rd4 20.Bf5 Na6 21.Bxc8 Rxc8
22.Nf5 Re4+ 23.Kf1 Bf8 24.b3 Rg4 25.f3 Rg6 26.Bf2 Rd8 27.g4 Kf7 28.h5 Rg8
29.Ke2 Ra8 30.Rhd1 Ke6 31.Rd3 Nb4 32.Rd2 c5 33.Rad1 Rh8 34.Rd7  1-0

[Event "Vladivostok Zaitsev"]
[Site "Vladivostok"]
[Date "1995.??.??"]
[Round "5"]
[White "Fominyh, Alexander"]
[Black "Bologan, Viktor"]
[Result "1/2-1/2"]
[WhiteElo "2515"]
[BlackElo "2530"]

1.d4 Nf6 2.Nf3 g6 3.c4 Bg7 4.g3 O-O 5.Bg2 d6 6.O-O c6 7.Nc3 Nbd7 8.Qc2 Nb6
9.b3 d5 10.cxd5 Bf5 11.Qd2 Nbxd5 12.Rd1 Nxc3 13.Qxc3 Nd5 14.Qd2 Be4 15.Bb2 a5
16.Ne5 Bxg2 17.Kxg2 f5 18.Nd3 Qd6 19.a3 f4 20.Ne5 Bxe5 21.dxe5 Qe6 22.Rac1 Rf5
23.Rg1 Rh5 24.Kh1 Rf8 25.g4 Rh3 26.f3 b6 27.Qc2 c5 28.Qc4 Nc7 29.Rgd1 Qxc4
30.bxc4 Ne6 31.Rd7 Kf7 32.Kg2 Rh4 33.Bc3 Rb8 34.Rb1 g5 35.Rd2 h5 36.gxh5 Rxh5
37.h3 Ng7 38.e6+ Nxe6 39.Rdb2 Rd8 40.Rxb6 Nd4 41.Rd1 Rdh8 42.Bxd4 cxd4 43.Rh1 R8h6
44.c5 Re6 45.Rxe6 Kxe6 46.Rb1 Kd5 47.Rb5 Kc6 48.Rxa5 e5 49.Ra6+ Kxc5 50.Rg6 Rh8
51.Rxg5 Kd5 52.Rg7 Ke6 53.Rg6+ Kf5 54.Rb6 Rg8+ 55.Kf2 Rh8 56.Kg2 Rg8+ 57.Kf2 Rh8
58.Kg2  1/2-1/2

[Event "EUCup f"]
[Site "Budapest"]
[Date "1996.??.??"]
[Round "4"]
[White "Palac, Mladen"]
[Black "Bologan, Viktor"]
[Result "1/2-1/2"]
[WhiteElo "2540"]
[BlackElo "2600"]

1.e4 c5 2.Nf3 d6 3.d4 cxd4 4.Nxd4 Nf6 5.Nc3 Nc6 6.Bg5 e6 7.Qd2 Be7 8.O-O-O O-O
9.f4 Nxd4 10.Qxd4 Qa5 11.Kb1 Rd8 12.Be2 Bd7 13.Qe3 Bc6 14.Qg3 Qc7 15.Bd3 Kh8
16.e5 Ng8 17.Bxh7 Bxg5 18.fxg5 Kxh7 19.Qh4+ Nh6 20.gxh6 g5 21.Qxg5 Rg8 22.Qf6 dxe5
23.Rhf1 Raf8 24.g3 Rg6 25.Qf2 a6 26.Qc5 Rc8 27.Rd6 e4 28.Qe5 e3 29.Re1 b5
30.Qc5 a5 31.Rxe3 b4 32.Ne2 Rxh6 33.h4 Rf6 34.b3 Rf5 35.Re5 Bd5 36.Qxc7 Rf1+
37.Kb2 Rxc7 38.Nf4 Rf2 39.Re2 Rxe2 40.Nxe2 Be4 41.c3 Bf3 42.Rd2 Bxe2 43.Rxe2 Rxc3
44.g4 Rh3 45.h5 Rg3 46.Re4 Rg2+ 47.Kb1 Kg7 48.Ka1 f6 49.Rxe6 Rxg4 50.Ra6 Rg5
51.h6+ Kg6 52.h7 Rh5 53.Rxa5 Rxh7 54.a3 Rh2 55.axb4 f5 56.Ra2 Rh4  1/2-1/2

[Event "Dresden op"]
[Site "Dresden"]
[Date "1996.??.??"]
[Round "2"]
[White "Zieher, Hartmut"]
[Black "Bologan, Viktor"]
[Result "0-1"]
[WhiteElo "2195"]
[BlackElo "2600"]

1.e4 c5 2.c4 Nc6 3.Ne2 e5 4.Nbc3 d6 5.g3 h5 6.h4 Bg4 7.Bh3 Qd7 8.Bxg4 hxg4
9.d3 Nge7 10.Nd5 O-O-O 11.a3 Kb8 12.Bd2 Nxd5 13.cxd5 Nd4 14.Nxd4 cxd4 15.O-O Be7
16.f4 exf4 17.Rxf4 g5 18.Rxf7 gxh4 19.Bg5 Bxg5 20.Rxd7 Rxd7 21.Qxg4 Rg7 22.Qe6 Bf4
23.Rf1 Bxg3 24.Kh1 Ka8 25.Qf6 Rgg8 26.Qxd4 h3 27.Qe3 h2 28.d4 a6 29.Rf3 Rh3
30.e5 Bxe5 31.Rxh3 Rg1+ 32.Qxg1 hxg1=Q+ 33.Kxg1 Bxd4+ 34.Kf1 Bxb2 35.Ke2 Ka7
36.Kd2 b5 37.Kc2 Be5 38.Kd3 Kb6 39.Ke4 a5 40.Rh7 Bb2 41.Rh3 a4 42.Kf5 b4
43.axb4 a3 44.Ke6 a2 45.Rh1 Be5 46.Rf1 Kb5 47.Rd1 Kxb4 48.Rf1 Kb3 49.Rf3+ Bc3
50.Rf1 Bb4 51.Rh1 Ba3 52.Re1 Kb2  0-1

[Event "Dresden op"]
[Site "Dresden"]
[Date "1996.??.??"]
[Round "3"]
[White "Bologan, Viktor"]
[Black "Iordachescu, Viorel"]
[Result "0-1"]
[WhiteElo "2600"]
[BlackElo "2460"]

1.e4 g6 2.d4 Bg7 3.Nf3 d6 4.Nc3 Nf6 5.Be2 O-O 6.O-O c6 7.h3 Nbd7 8.Bf4 Qa5
9.Nd2 Qc7 10.a4 e5 11.dxe5 dxe5 12.Be3 Rd8 13.Bf3 Bf8 14.g3 Bc5 15.Bg5 Kg7
16.Nb3 h6 17.Bd2 Bf8 18.Qc1 Kh7 19.a5 b5 20.axb6 Nxb6 21.Bg2 Nc4 22.Be1 a5
23.Na4 Ba6 24.Nbc5 Bb5 25.b3 Nb6 26.c4 Bxa4 27.Nxa4 Bb4 28.c5 Nxa4 29.Rxa4 Rab8
30.Bc3 Rb5 31.Bxb4 Rxb4 32.Rxb4 axb4 33.Rd1 Kg7 34.f4 exf4 35.Rxd8 Qxd8 36.Qxf4 Qd4+
37.Kh2 Nd7 38.Qc7 Nxc5 39.e5 Ne6 40.Qxc6 Qxe5 41.Qb7 Qd4 42.Bd5 Qf2+ 43.Kh1 Nd4
44.Bc4 Nc2  0-1

[Event "Dresden op"]
[Site "Dresden"]
[Date "1996.??.??"]
[Round "5"]
[White "Pachow, Joerg"]
[Black "Bologan, Viktor"]
[Result "0-1"]
[WhiteElo "2330"]
[BlackElo "2600"]

1.Nf3 d6 2.d4 f5 3.g3 Nf6 4.Bg2 g6 5.O-O Bg7 6.b3 O-O 7.Bb2 c6 8.Nbd2 a5
9.a4 h6 10.Re1 g5 11.e4 fxe4 12.Nxe4 Nxe4 13.Rxe4 Bf5 14.Re3 Na6 15.Qe2 Nb4
16.Rxe7 Bf6 17.Rxb7 Qc8 18.Re7 Bxe7 19.Qxe7 Qe6 20.Qxe6+ Bxe6 21.c4 Rae8
22.Bc3 Bd7 23.Bxb4 axb4 24.Ne1 Re2 25.Nd3 Rd2 26.Bf1 Rb8 27.Re1 Bf5 28.Re3 Rd1
29.Kg2 Rb1 30.c5 Rxb3 31.cxd6 Bxd3 32.Bxd3 Kf8 33.a5 Rd8 34.a6 Rxd6 35.Be4 Ra3
36.Rxa3 bxa3  0-1

[Event "Dresden op"]
[Site "Dresden"]
[Date "1996.??.??"]
[Round "6"]
[White "Espig, Lutz"]
[Black "Bologan, Viktor"]
[Result "1/2-1/2"]
[WhiteElo "2395"]
[BlackElo "2600"]

1.Nf3 d6 2.d4 g6 3.e4 Bg7 4.Nc3 Nf6 5.h3 O-O 6.Be3 c6 7.a4 d5 8.Bd3 dxe4
9.Nxe4 Nd5 10.Bd2 a5 11.O-O b6 12.Qc1 Bf5 13.Re1 Re8 14.Bh6 Bh8 15.Qd2 Nd7
16.Rad1 Qc7 17.Nh4 Bxe4 18.Bxe4 Rad8 19.Qg5 Nf8 20.c3 e6 21.Nf3 b5 22.Qc1 bxa4
23.Qa1 Qb7 24.Bc2 Nb6 25.Bc1 Nfd7 26.Bxa4 Nxa4 27.Qxa4 Qb5 28.Qc2 a4 29.Bf4 c5
30.dxc5 Nxc5 31.Rxd8 Rxd8 32.Rd1 Rxd1+ 33.Qxd1 Nd3 34.Bh6 Bf6 35.Qe2 Qd5
36.Nd4 Bxd4 37.cxd4 Qxd4 38.Qf3 Qd8 39.Qe4 g5 40.Qxa4 Nf4 41.h4 f6 42.g3 Ne2+
43.Kf1 Nd4 44.hxg5 Nf5 45.g4 Nxh6 46.gxh6 Qd3+ 47.Kg2 Qd5+ 48.Kg3 Qd3+ 49.Kh4 Kf7
50.Qa7+ Ke8 51.Qg7 Qf3 52.Qg8+ Ke7 53.Qxh7+ Kf8 54.Qg7+ Ke8 55.Qa7 Qf4 56.Qa8+ Ke7
57.Qb7+ Kd8 58.Qb6+ Ke7 59.Qc5+ Kf7 60.Kh3 Qf3+ 61.Kh4 Qf4 62.Qa7+ Ke8 63.Qa8+ Ke7
64.Qb7+ Kd8 65.Kh3 Qxf2 66.h7 Qe3+ 67.Kg2 Qd2+ 68.Kf3 Qd3+ 69.Kg2 Qd2+ 70.Kf1 Qd1+
71.Kg2 Qd2+ 72.Kg3 Qe1+ 73.Kf3 Qh1+ 74.Kf2 Qxb7 75.h8=Q+ Kd7 76.Qg7+ Kc6
77.Qxf6 Qb6+ 78.Kg3 Kd5 79.Qf3+ Kd6 80.Qa3+ Kd7 81.Qc3 Ke7 82.Kf4 Kf7 83.Kg5 Qd8+
84.Kf4 Qb6 85.b4 Qf2+ 86.Kg5 Qe2  1/2-1/2

[Event "Dresden op"]
[Site "Dresden"]
[Date "1996.??.??"]
[Round "7"]
[White "Bologan, Viktor"]
[Black "Troyke, Christian"]
[Result "1-0"]
[WhiteElo "2600"]
[BlackElo "2360"]

1.e4 c5 2.Nf3 Nc6 3.Bb5 g6 4.Bxc6 bxc6 5.O-O Bg7 6.Re1 Qb6 7.Na3 Ba6 8.d3 Nf6
9.Nc4 Qc7 10.e5 Nd5 11.Nd6+ Kf8 12.Ne4 d6 13.c4 Nb6 14.exd6 exd6 15.Bf4 Rd8
16.Nxc5 Bc8 17.Ne4 c5 18.d4 f5 19.Nxc5  1-0

[Event "Geneve Credit Suisse"]
[Site "Geneve"]
[Date "1996.??.??"]
[Round "1.5"]
[White "Bologan, Viktor"]
[Black "Chernin, Alexander"]
[Result "1-0"]
[WhiteElo "2600"]
[BlackElo "2620"]

1.e4 d6 2.d4 g6 3.Nc3 c6 4.Nf3 Bg7 5.Be2 Nd7 6.a4 b6 7.O-O Bb7 8.Re1 a6 9.Bc4 e6
10.Bg5 Ne7 11.Qd2 h6 12.Be3 d5 13.exd5 cxd5 14.Bd3 Kf8 15.Ne2 Kg8 16.Ng3 Nf6
17.Bf4 Nf5 18.Nxf5 gxf5 19.Be5 Rh7 20.Qe2 Ne4 21.Bxg7 Rxg7 22.Qe3 Qf6 23.Ne5 f4
24.Qh3 Qg5 25.f3 Nd6 26.Ng4 Nc4 27.Bxc4 dxc4 28.Re5 Qg6 29.Rh5 Rh7 30.Rxh6 Rxh6
31.Qxh6 Qxh6 32.Nxh6+ Kg7 33.Ng4 f6 34.Kf2 Rh8 35.a5 b5 36.c3 Bd5 37.h3 Rb8
38.g3 b4 39.gxf4 bxc3 40.bxc3 Rb3 41.Rc1 Rb5 42.Ne3 f5 43.Rg1+ Kh7 44.Ra1 Rb3
45.Nd1 Rb8 46.Ke2 Kh6 47.Ra2 Rb5 48.Ne3 Rb3 49.Kd2 Kh5 50.Ra4 Rb2+ 51.Nc2 Bxf3
52.Kc1 Rb5 53.Rxc4 Rxa5 54.Rc5 Ra4 55.Re5 Kh4 56.Rxe6 Kg3 57.Kb2 Kxf4 58.Nb4 Ra5
59.Nd3+ Kg5 60.c4 Be4 61.Nc5 Kf4 62.h4 Kg4 63.Nxe4 fxe4 64.Rxe4+ Kf5 65.Re5+ Rxe5
66.dxe5 Kxe5 67.c5 Kd5 68.h5 Kxc5 69.h6 Kd5 70.h7 Ke5 71.h8=Q+  1-0

[Event "Geneve Credit Suisse"]
[Site "Geneve"]
[Date "1996.??.??"]
[Round "1.5"]
[White "Chernin, Alexander"]
[Black "Bologan, Viktor"]
[Result "1/2-1/2"]
[WhiteElo "2620"]
[BlackElo "2600"]

1.c4 e5 2.g3 f5 3.d4 exd4 4.Qxd4 Nc6 5.Qe3+ Be7 6.Nc3 Nf6 7.Bg2 O-O 8.Nh3 Re8
9.O-O Bb4 10.Qd3 Ne5 11.Qc2 c6 12.a3 Bf8 13.b3 d6 14.Bb2 Be6 15.Ng5 Qe7 16.Rad1 Rad8
17.Nxe6 Qxe6 18.e3 Ned7 19.Ne2 g6 20.Nf4 Qf7 21.b4 Ne5 22.b5 Ne4 23.bxc6 bxc6
24.Bxe5 Rxe5 25.Nd3 Ree8 26.Nb4 Rc8 27.Rd3 a5 28.Na2 Nc5 29.Rd4 Qc7 30.Rfd1 Rb8
31.Nc3 Re5 32.Na4 Nxa4 33.Qxa4 Rc5 34.h4 Rd8 35.Rb1 Rc8 36.Rd2 Qf7 37.Bf1 h6
38.Qd1 Re5 39.Qf3 g5 40.hxg5 hxg5 41.Bd3 g4 42.Qf4 Qf6 43.Qd4 Rc7 44.Kg2 Rh7
45.Rh1 Rxh1 46.Kxh1 Qh6+ 47.Kg1 Rc5 48.Bf1 Qg7 49.Qd3 Qe5 50.Rd1 d5 51.cxd5 Rxd5
52.Qb3 Kh8 53.Rxd5 Qxd5 54.Qb8 Kg7 55.a4 Bb4 56.Qc7+ Kf6 57.Bg2 Qd6 58.Qc8 Qd1+
59.Kh2 Qxa4 60.Bxc6 Qc2 61.Qd8+ Kg7 62.Qg5+ Kf7 63.Bd5+ Ke8 64.Kg2 Be1 65.Qf4 a4
66.Qe5+ Kd8 67.Qd6+ Kc8 68.Qa6+ Kd7 69.Qe6+ Kd8  1/2-1/2

[Event "EUCup Gr3"]
[Site "London"]
[Date "1996.??.??"]
[Round "2"]
[White "Bologan, Viktor"]
[Black "Kuijf, Marinus"]
[Result "1-0"]
[WhiteElo "2600"]
[BlackElo "2475"]

1.e4 e6 2.d3 c5 3.Nf3 Nc6 4.g3 Nge7 5.Bg2 g6 6.O-O Bg7 7.c3 d5 8.Qe2 h6 9.h4 b6
10.Re1 Bb7 11.Na3 a6 12.e5 Nf5 13.Nc2 d4 14.cxd4 cxd4 15.Bf4 O-O 16.Nh2 Rc8
17.Ng4 Qe7 18.Qd2 Kh7 19.Be4 Na5 20.Na3 Bd5 21.Bxd5 exd5 22.Nh2 Nc6 23.Nf3 Nd8
24.Kg2 Ne6 25.Re2 b5 26.Rh1 b4 27.Nc2 a5 28.Nce1 h5 29.Bg5 Qc7 30.Bf6 Qc1
31.Ng5+ Kg8 32.Nef3 Qxd2 33.Rxd2 Rc6 34.Nxe6 fxe6 35.Bxg7 Kxg7 36.b3 Kf7
37.a3 Rb8 38.axb4 Rxb4 39.Ra1 Rxb3 40.Rxa5 Rcb6 41.Rc2 Rb7 42.Ra8 Rc3 43.Rca2 Rxd3
44.Rh8 Kg7 45.Raa8 Rxf3 46.Kxf3 Nh6 47.Rhe8 Rb3+ 48.Kg2 d3 49.Ra7+ Nf7 50.Ree7 d2
51.Rxf7+ Kg8 52.Rfc7  1-0

[Event "Reggio Emilia9697"]
[Site "Reggio Emilia"]
[Date "1996.??.??"]
[Round "2"]
[White "Bologan, Viktor"]
[Black "Romanishin, Oleg M"]
[Result "1-0"]
[WhiteElo "2600"]
[BlackElo "2555"]

1.e4 e5 2.Nf3 Nc6 3.Bb5 a6 4.Ba4 Nf6 5.O-O Be7 6.Re1 b5 7.Bb3 d6 8.c3 O-O
9.h3 Na5 10.Bc2 c5 11.d4 Bb7 12.d5 Nc4 13.b3 Nb6 14.a4 Qc7 15.Na3 b4 16.a5 Nbxd5
17.exd5 bxa3 18.c4 Qxa5 19.Rxa3 Qc7 20.Ng5 Rae8 21.Qd3 g6 22.Qe2 Qd8 23.Bd2 Nxd5
24.Nxh7 Kxh7 25.cxd5 Kg7 26.b4 cxb4 27.Bxb4 Qb6 28.Rg3 Qb5 29.Qh5 Rh8 30.Rxg6+ fxg6
31.Qxg6+ Kf8 32.Qf5+ Kg8 33.Re3 Rh6 34.Rg3+ Kh8 35.Bd2  1-0

[Event "Reggio Emilia9697"]
[Site "Reggio Emilia"]
[Date "1996.??.??"]
[Round "4"]
[White "Belotti, Bruno"]
[Black "Bologan, Viktor"]
[Result "0-1"]
[WhiteElo "2400"]
[BlackElo "2600"]

1.e4 g6 2.d4 Bg7 3.Be3 d6 4.Nc3 a6 5.Qd2 b5 6.h4 h5 7.f3 Nd7 8.Nh3 Nb6 9.Ng5 d5
10.O-O-O Bb7 11.Bd3 e6 12.exd5 Bxd5 13.Nxd5 Nxd5 14.g4 Nge7 15.Kb1 c6 16.Bf2 b4
17.Rhe1 Qb8 18.Ka1 a5 19.Bc4 a4 20.Qd3 a3 21.b3 Ra7 22.Bxd5 cxd5 23.Rc1 Qh2
24.Re2 hxg4 25.Qb5+ Kf8 26.fxg4 Qf4 27.Kb1 Bf6 28.Qxb4 Kg7 29.Qd2 Qxg4 30.Rg1 Qh5
31.Ree1 Nf5 32.Qf4 Rc8 33.Rd1 Rac7 34.Rd2 Rc3 35.Rgd1 Rxc2  0-1

[Event "Reggio Emilia9697"]
[Site "Reggio Emilia"]
[Date "1996.??.??"]
[Round "5"]
[White "Bologan, Viktor"]
[Black "Razuvaev, Yuri S"]
[Result "1/2-1/2"]
[WhiteElo "2600"]
[BlackElo "2560"]

1.e4 c6 2.d4 d5 3.e5 Bf5 4.Nf3 e6 5.Be2 Ne7 6.O-O c5 7.c4 Nbc6 8.dxc5 d4
9.Bd3 Bxd3 10.Qxd3 Ng6 11.Qe4 Bxc5 12.Nbd2 O-O 13.Nb3 Bb6 14.Bg5 Qb8 15.Rfe1 h6
16.Bf4 Nxf4 17.Qxf4 Rd8 18.Rad1 Rd7 19.Nc1 Qd8 20.Qe4 a5 21.Nd3 Nb4 22.a4 Qe7
23.Re2 Rad8 24.b3 Na6 25.Nfe1 Bc5 26.Nc2 Bb4 27.Ncxb4 Nxb4 28.Nxb4 Qxb4 29.Rd3 Qa3
30.h3 Qc1+ 31.Kh2 Qa3 32.Qh4 Rc8 33.Re4 Rxc4 34.Rg4 Rc3 35.Rdxd4 Rxd4 36.Rxd4 Rc8
37.Rg4 Qc5 38.Qg3 g6 39.Qf4 h5  1/2-1/2

[Event "Reggio Emilia9697"]
[Site "Reggio Emilia"]
[Date "1996.??.??"]
[Round "6"]
[White "Krasenkow, Michal"]
[Black "Bologan, Viktor"]
[Result "1-0"]
[WhiteElo "2605"]
[BlackElo "2600"]

1.Nf3 Nf6 2.d4 g6 3.c4 Bg7 4.Nc3 O-O 5.e4 d6 6.Be2 e5 7.O-O Nc6 8.d5 Ne7
9.b4 Nh5 10.Re1 Nf4 11.Bf1 a5 12.bxa5 c5 13.a4 f5 14.Bxf4 exf4 15.e5 dxe5
16.Nxe5 Kh8 17.Nb5 Rxa5 18.Ra3 Bxe5 19.Rxe5 Nc6 20.Re2 Nb4 21.d6 Rf7 22.Qa1+ Kg8
23.Qe5 b6 24.Qxf4 Bd7 25.h4 Qf6 26.g3 Ra8 27.Bg2 Rd8 28.Nc7 Bc6 29.Re6 Qb2
30.Rae3 Rf6 31.Qh6 Rxe6 32.Nxe6 Re8 33.Bxc6 Qc1+ 34.Kg2 Rxe6 35.Bd5 Nxd5
36.d7  1-0

[Event "Reggio Emilia9697"]
[Site "Reggio Emilia"]
[Date "1996.??.??"]
[Round "7"]
[White "Bologan, Viktor"]
[Black "Komarov, Dimitri"]
[Result "1-0"]
[WhiteElo "2600"]
[BlackElo "2595"]

1.e4 e6 2.d4 d5 3.Nc3 Nf6 4.Bg5 dxe4 5.Nxe4 Nbd7 6.Nf3 h6 7.Nxf6+ Nxf6 8.Bd2 c5
9.Bd3 a6 10.Qe2 b5 11.dxc5 Bxc5 12.O-O-O Qc7 13.Bc3 Bb7 14.Be5 Qb6 15.Bxf6 gxf6
16.Be4 Rd8 17.Bxb7 Qxb7 18.Rxd8+ Kxd8 19.Rd1+ Ke7 20.Ne1 Rd8 21.Nd3 Bb6 22.f4 Qd5
23.Kb1 h5 24.g3 Rd6 25.h3 Kd8 26.g4 hxg4 27.Qxg4 Kc7 28.h4 Rd8 29.h5 Qe4
30.a3 Qh7 31.Qf3 a5 32.Rh1 Qh6 33.Nc1 Rd5 34.Ne2 Kb8 35.Nc3 Rc5 36.a4 b4
37.Nb5 Rd5 38.Qg2 Bc5 39.Qg8+ Qf8 40.Qxf8+ Bxf8 41.h6 Bxh6 42.Rxh6  1-0